Sociálne zabezpečenie

Saved in:
Bibliographic Details
Main Author: Rievajová, Eva
Corporate Author: Ekonomická univerzita v Bratislave. Národohospodárska fakulta
Other Authors: Dudová, Iveta, Husáková, Mária, Pechová, Michaela, 1977-, Pongráczová, Eva, 1971-, Ošková, Silvia, 1979-, Rišňovský, Ľudovít, Alexy, Július, 1926-2024
Format: Book
Language:Slovak
Published: Bratislava Vydavateľstvo EKONÓM 2008
Subjects:
Tags: Add Tag
No Tags, Be the first to tag this record!

MARC

LEADER 00000nam$a2200000$$$4500
001 0075596
005 20240502071903.7
020 |a 978-80-225-2545-9 
041 0 |a slo 
044 |a SK 
245 1 0 |a Sociálne zabezpečenie  |c Eva Rievajová a kolektív 
264 1 |a Bratislava  |b Vydavateľstvo EKONÓM  |c 2008 
300 |a 234 s. 
610 2 0 |a zabezpečenie sociálne 
610 2 0 |a poistenie sociálne 
610 2 0 |a poistenie nemocenské 
610 2 0 |a poistenie v nezamestnanosti 
610 2 0 |a poistenie garančné 
610 2 0 |a zabezpečenie dôchodkové 
610 2 0 |a systémy dôchodkové 
610 2 0 |a pomoc sociálna 
610 2 0 |a Slovensko 
100 1 |a Rievajová, Eva 
700 1 |a Dudová, Iveta 
700 1 |a Husáková, Mária 
700 1 |a Pechová, Michaela, 1977- 
700 1 |a Pongráczová, Eva, 1971- 
700 1 |a Ošková, Silvia, 1979- 
700 1 |a Rišňovský, Ľudovít 
700 1 |a Alexy, Július, 1926-2024 
710 2 |a Ekonomická univerzita v Bratislave. Národohospodárska fakulta